Twice Alphabet song - Statistics

General Stats
  • This quiz has been taken 122 times
  • The average score is 18 of 24
Answer Stats
Hint Answer % Correct
C Chillax / Candy pop / Changing! / Cruel / Cactus / Candy / Celebrate / Crazy stupid love / Candy boy / Cheer up / Cry for me / Conversation / Catch a wave
98%
T TT / Turtle / The best thing I ever did / Trick it / The reason why / Thank you family / The feels / Tick tock / That’s all I’m saying / Talk that talk / Trouble / Truth / Touchdown / Tuk tok / Three times a day / Turn it up / The wish
96%
L Likey / Look at me / Love line / L.O.V.E / Lalala / Love foolish / Last waltz / Love warning / Like it like it / Like Ooh Ahh / Like a fool / Luv me
95%
S Shot thru the heart / Sweet talker / Say yes / Stuck / Say it again / Say you love me / Sunset / Stay by my side / Swing / Stronger / Shadow / Sweet summer day / Shot clock / Say something / Scientist / Sandcastle / Set me free / Strategy / Sweetest obsession / Signal / Someone like me / Stuck in my head / Strawberry / Scorpion / Strawberry moon / Scandal / SOS
93%
D Ding dong / Don’t give up / Dance the night away / Dejavu / Don’t call me again / Do what we like / Depend on you / Doughnut / Dive / Dance again / Do it again
92%
F FFW / Feel special / Fake & true / Firework / Fanfare / Four leaf clover / Fall in love again / Flow like waves / Fancy / First time
88%
M Missing u / Merry & happy / More & more / Make me go / Moonlight / Moonlight sunrise / Magical / My headphones on
88%
H Heart shaker / HO! / Happy happy / How u doin’ / Hell in heaven / Handle it / Hello / Here I am / Hare hare / Hold me tight / Hot
87%
I Ice cream / I want you back / I can’t stop me / In the summer / Icon / I got you / Inside of me
86%
Y You in my heart / Yes or yes / Young & wild / You get me
85%
W Wow / What is love? / Wishing / Wake me up / What you waiting for / When we were kids / Wallflower / Woohoo / Wonderful Day
84%
A After moon / Alcohol free
83%
B BDZ / Brand new girl / Be as one / Breakthrough / Be OK / Bring it back / Believer / Behind the mask / Better / Bitter sweet / Basics / Brave / Blame it on me / Beyond the horizon / Baby blue love / Bloom
80%
K Knock knock / Kura kura / Kiss my troubles away / Keeper
78%
Q Queen / Queen of hearts
64%
G Get loud / Go hard / Good at love / Gone / Got the thrills / Going crazy / Girls like us
63%
P Ponytail / Pit-a-pit / Polish / Perfect world / Pieces of love / Promise / Push & pull / Peach soda / Precious love / Pink lemonade
63%
J Jelly jelly / Jaljayo good night / Just be yourself
62%
E Espresso / Echoes of the heart / Eye eye eyes
59%
O One in a million / One more time / Oxygen / Ocean deep / Only you / One spark
59%
R Rollin’ / Rainbow / Real you / Rewind / Rush
56%
U Up no more
47%
N Next page / New new
37%
V Voices of delight
26%
No matching quizzes found
Score Distribution
Percent of People with Each Score
Percentile by Number Answered
Your Score History
You have not taken this quiz